Investigación sobre mediación en casos de familias atravesadas por situaciones de violencia en la Ciudad Autónoma de Buenos Aires

Salvato in:
Dettagli Bibliografici
Autore principale: Reggiardo, Nélida (Autore)
Natura: Libro
Lingua:spagnolo
Pubblicazione: Buenos Aires Jusbaires 2016
Edizione:1a. ed
Serie:Colección Institucional
Soggetti:
Tags: Aggiungi Tag
Nessun Tag, puoi essere il primo ad aggiungerne!!

MARC

LEADER 00000cam a2200000 a 4500
001 UCC6630
003 CL-VaPUC
008 181220e20160000ag |||||||||||||||||spa|d
020 |a 9789874057266 
082 0 4 |a 362.82  |b REG  |2 21 
100 0 |a Reggiardo, Nélida  |e author  |9 601102 
245 1 0 |a Investigación sobre mediación en casos de familias atravesadas por situaciones de violencia en la Ciudad Autónoma de Buenos Aires 
250 |a 1a. ed 
300 |a 138 p 
942 |c BK 
945 |d 20181220 17:39:00  |a dcastane 
260 |a Buenos Aires  |b Jusbaires  |c 2016 
650 0 |a Violencia intrafamiliar  |9 312986 
650 0 |a Derecho de familia  |9 255603 
583 |a last modification  |c 20181220 17:39:00  |k Rodrigo Vera 
490 0 |a Colección Institucional 
999 |c 373534  |d 373532 
952 |0 0  |1 0  |3 erb  |4 0  |6 362_820000000000000_REG_2016  |7 0  |8 A  |9 491665  |a BIBDER  |b BIBDER  |i 5526019  |o 362.82 REG 2016  |p 5526019  |r 2023-01-25  |w 2019-11-24  |y BK  |z Catalogado en:20181220  |k DER